000 00369nam a2200133Ia 4500
005 20260328101449.0
008 260328s9999||||xx |||||||||||||| ||und||
100 _aPaolasso, Carlos
245 0 _aArquitectura en la Argentina - Vol. 2 :
_b Centro-Noroeste-Cuyo /
_cCarlos Paolasso
260 _bEudeba
300 _a36 p.
650 _aARQUITECTURA REGIONAL
942 _cBK
999 _c8578
_d8578